000 00882nam a2200253Ia 4500
003 OSt
005 20220923212448.0
006 a|||||r|||| 00| 0
007 ta
008 220922b |||||||| |||| 00| 0 hin d
024 _a153,208
037 _cTextual
040 _aARTS
_cARTS
_bhin
041 _2hin
_ahin
082 _aO142,3x, 152L7
100 _aलेस्कोव, निकोलाई
245 0 _aविमुगच याबावर और दूसरी कहानियॉं
246 _aVimugach yābāvar aur dūsarī kahāniyaॉan
260 _aमास्को
_b प्रगति प्रकाशन
_c1977
300 _a301 पृ.
_ccm.
650 _aहिन्दी साहित्य
_9156264
942 _hO142,3x, 152L7
_cTEXL
_2CC
999 _c308855
_d308855